K rozvoju teórie vyučovania strojárskej konštrukcie na stredných školách : Habilitačná práca /

Salvato in:
Dettagli Bibliografici
Autore principale: Albert, Alexander (Autore)
Natura: Manoscritto Libro
Lingua:slovacco
Pubblicazione: Trnava : STU v Bratislave MTF, 1994
Soggetti:
Tags: Aggiungi Tag
Nessun Tag, puoi essere il primo ad aggiungerne!!

MARC

LEADER 00000ntm a22000003a 4500
001 stu46355
005 20160719155246.9
008 980512s1994----cs------------------slo-d
040 |a STU  |b slo 
041 0 |a slo 
044 |a cs 
080 |a 371.314.6 
080 |a 621 
080 |a 624.01(043.5) 
100 1 |a Albert, Alexander  |4 aut 
245 1 |a K rozvoju teórie vyučovania strojárskej konštrukcie na stredných školách :  |b Habilitačná práca /  |c [aut.]Ing.CSc.Alexander Albert 
260 |a Trnava :  |b STU v Bratislave MTF,  |c 1994 
300 |a 100 s :  |b príl 
650 7 |a Konštrukcie strojárske  |2 stusub 
650 7 |a vyučovanie  |2 stusub 
650 7 |a práce habilitačné  |2 stusub 
996 |b .  |c M* HP-112  |l MMSKP  |s P  |a 0  |w stu46355_0002